[Event "DEM U10 2012"]
[Site "Oberhof GER"]
[Date "2012.05.28"]
[Round "4"]
[White "Engel, Luis"]
[Black "Rockmann, Jan-Okke"]
[Result "0-1"]
[Termination "normal"]
[Board "1"]
[WhiteElo "1463"]
[BlackElo "1767"]
[PlyCount "124"]
[WhiteFideId "12961523"]
[BlackFideId "12942111"]
[EventCountry "GER"]
[EventRounds "11"]
[EventType "swiss"]
[EventDate "2012.05.26"]

1. e4 e5 2. Nf3 Nc6 3. d4 exd4 4. Bc4 d6 5. Nxd4 Ne5 6. Bb3 Nf6 7. Nc3 Be7 8.
O-O O-O 9. Be3 Neg4 10. Bd2 Re8 11. h3 Ne5 12. Nf3 Nxf3+ 13. Qxf3 c6 14. Rfe1
Qc7 15. Rad1 Be6 16. Bf4 Bxb3 17. axb3 Nd7 18. Rd2 Ne5 19. Qg3 Rad8 20. Red1
Bf6 21. Bg5 Bxg5 22. Qxg5 Re6 23. Qf5 g6 24. Qg5 Kg7 25. Qe3 b6 26. Qg3 f6 27.
h4 Nf7 28. f3 Rd7 29. Qg4 Ree7 30. Ne2 Ne5 31. Qg3 Nf7 32. Nd4 Kh8 33. Qf4 Kg7
34. h5 Ne5 35. Qg3 Kf7 36. Qh3 Kg8 37. Ne6 Qb8 38. Nf4 g5 39. Ne2 g4 40. Qg3
Rg7 41. f4 Nf3+ 42. Kh1 Nxd2 43. Rxd2 Qe8 44. Qd3 Qxh5+ 45. Kg1 d5 46. Qc3 dxe4
47. Qc4+ Kf8 48. Nd4 Qc5 49. Qxc5+ bxc5 50. Ne6+ Kg8 51. Rxd7 Rxd7 52. Nxc5
Rd1+ 53. Kh2 e3 54. Ne4 e2 55. Nc3 g3+ 56. Kh3 Rh1+ 57. Kg4 e1=Q 58. b4 h5+ 59.
Kf5 Kf7 60. Ne4 Qxb4 61. c4 Qe7 62. Nxg3 Qe6# 0-1

[Event "DEM U10 2012"]
[Site "Oberhof GER"]
[Date "2012.05.28"]
[Round "4"]
[White "Suvorov, Luca"]
[Black "Biastoch, Bennet"]
[Result "0-1"]
[Termination "normal"]
[Board "3"]
[WhiteElo "1255"]
[BlackElo "1488"]
[PlyCount "94"]
[WhiteFideId "12977071"]
[BlackFideId "12939889"]
[EventCountry "GER"]
[EventRounds "11"]
[EventType "swiss"]
[EventDate "2012.05.26"]

1. d4 Nf6 2. Nf3 g6 3. c4 Bg7 4. Nc3 O-O 5. Bg5 d6 6. e4 Nbd7 7. Be2 e5 8. dxe5
dxe5 9. O-O Qe8 10. Nb5 Qd8 11. Rc1 a6 12. Nc3 Qe8 13. Bxf6 Nxf6 14. Nd5 Qd8
15. Nxf6+ Qxf6 16. c5 Be6 17. Re1 Qe7 18. b3 Kh8 19. c6 b5 20. Qd2 Rfe8 21. Ng5
Kg8 22. Nxe6 Qxe6 23. Qd7 Re7 24. Qxe6 Rxe6 25. Red1 Re7 26. Rd7 Kf8 27. Rcd1
Rae8 28. Rxe7 Rxe7 29. Rd7 Rxd7 30. cxd7 Ke7 31. Bg4 h5 32. Bh3 Bf6 33. Kf1 Kd6
34. b4 c5 35. Ke2 cxb4 36. Kd3 Kc5 37. g4 h4 38. g5 Bxg5 39. f3 a5 40. Kc2 a4
41. Kd3 Be7 42. Bg4 b3 43. axb3 a3 44. Kc2 b4 45. Bh3 Kd4 46. Bg4 Ke3 47. h3
Bd8 0-1

[Event "DEM U10 2012"]
[Site "Oberhof GER"]
[Date "2012.05.28"]
[Round "4"]
[White "Rößler, Lukas"]
[Black "Mätzkow, Maximilian Paul"]
[Result "0-1"]
[Termination "normal"]
[Board "4"]
[WhiteElo "1515"]
[BlackElo "1685"]
[PlyCount "128"]
[WhiteFideId "12938718"]
[BlackFideId "24679933"]
[EventCountry "GER"]
[EventRounds "11"]
[EventType "swiss"]
[EventDate "2012.05.26"]

1. e4 c5 2. Nf3 g6 3. d4 cxd4 4. Nxd4 Bg7 5. Be3 Nc6 6. Nc3 Nf6 7. Bc4 O-O 8.
Bb3 Qa5 9. O-O d6 10. h3 Bd7 11. Qd2 Nxd4 12. Bxd4 Nxe4 13. Nxe4 Qxd2 14. Nxd2
Bxd4 15. c3 Bg7 16. Rfe1 e6 17. Rad1 d5 18. Nf3 Bc6 19. Ne5 a5 20. f4 a4 21.
Bc2 Rfc8 22. a3 b5 23. Bb1 Be8 24. Ba2 Bf8 25. Rf1 Rd8 26. Rfe1 Bc5+ 27. Kh2 d4
28. cxd4 Rxd4 29. Rxd4 Bxd4 30. Re2 Rc8 31. Nd3 Rd8 32. Bb1 Bc6 33. Nb4 Bd5 34.
Nxd5 Rxd5 35. Rc2 Be3 36. g3 Rd1 37. Ba2 Ra1 38. b4 axb3 39. Bxb3 Rxa3 40. Rc3
Bd4 41. Rd3 Bf6 42. Bc2 Ra2 43. Rd2 b4 44. Rg2 Ra3 45. Bb1 b3 46. Rg1 b2 47.
Rd1 Rc3 48. Rg1 Rc1 49. Rh1 e5 50. f5 Bg5 51. fxg6 hxg6 52. g4 Bd2 53. Kg2 Be1
54. Ba2 b1=Q 55. Bxb1 Rxb1 56. Rf1 Rb2+ 57. Kg1 Bg3 58. Rf3 Bf4 59. Kf1 g5 60.
Rf2 Rxf2+ 61. Kxf2 e4 62. Kg2 Kg7 63. Kf2 Kf6 64. Ke2 Ke5 0-1

[Event "DEM U10 2012"]
[Site "Oberhof GER"]
[Date "2012.05.28"]
[Round "4"]
[White "Schneider, Jana"]
[Black "Wierzbicki, Jirawat"]
[Result "0-1"]
[Termination "normal"]
[Board "5"]
[WhiteElo "1462"]
[BlackElo "1541"]
[PlyCount "108"]
[WhiteFideId "12924997"]
[BlackFideId "1153579"]
[EventCountry "GER"]
[EventRounds "11"]
[EventType "swiss"]
[EventDate "2012.05.26"]

1. e4 e5 2. Nf3 Nc6 3. Bc4 Nf6 4. d3 Be7 5. O-O O-O 6. h3 d6 7. Be3 Na5 8. Nbd2
Nxc4 9. Nxc4 Be6 10. Ncd2 h6 11. c3 c5 12. d4 Qc7 13. dxe5 dxe5 14. Ne1 Rad8
15. Qe2 Ne8 16. f3 Nd6 17. c4 Rfe8 18. Bf2 Bg5 19. Rd1 Bxd2 20. Rxd2 Bxc4 21.
Nd3 b6 22. b3 Ba6 23. Rfd1 Rd7 24. Qe1 Nb5 25. Bg3 f6 26. Nb2 Rd4 27. Bf2 Rxd2
28. Qxd2 Nd4 29. Nc4 Bxc4 30. bxc4 Qf7 31. Qd3 Rd8 32. Kh1 Qd7 33. Re1 Qa4 34.
Re2 Ne6 35. Qc3 Qd1+ 36. Re1 Qd2 37. Qe3 Qxa2 38. Bg3 Qxc4 39. Qa3 a6 40. Ra1
Nc7 41. Rb1 Qe6 42. Qb2 b5 43. Bf2 c4 44. Qc3 Qd6 45. Bg1 Qd3 46. Qb2 Qd2 47.
Qa1 c3 48. Qa3 c2 49. Rc1 Ne6 50. Qb2 Rc8 51. Bh2 b4 52. Bg3 b3 53. Kh2 Nd4 54.
Be1 Nxf3+ 0-1

[Event "DEM U10 2012"]
[Site "Oberhof GER"]
[Date "2012.05.28"]
[Round "4"]
[White "Meyling, Lennart"]
[Black "Mantel, Ruben"]
[Result "0-1"]
[Termination "normal"]
[Board "6"]
[WhiteElo "1572"]
[BlackElo "1539"]
[PlyCount "52"]
[WhiteFideId "12947130"]
[BlackFideId "12930121"]
[EventCountry "GER"]
[EventRounds "11"]
[EventType "swiss"]
[EventDate "2012.05.26"]

1. c4 e6 2. e4 d5 3. cxd5 exd5 4. exd5 Qxd5 5. Nc3 Qa5 6. Nf3 c6 7. Bc4 Nf6 8.
O-O Be7 9. d4 O-O 10. Re1 Qc7 11. Bg5 Bg4 12. h3 Bh5 13. Qe2 Bd6 14. Bxf6 gxf6
15. Qe4 Nd7 16. Qh4 Bg6 17. d5 Ne5 18. Qxf6 Nxc4 19. dxc6 Qxc6 20. Nd4 Bh2+ 21.
Kxh2 Qxf6 22. Rad1 Rad8 23. Nce2 Rfe8 24. b3 Nb2 25. Rd2 Nd3 26. Nf3 Nxe1 0-1

[Event "DEM U10 2012"]
[Site "Oberhof GER"]
[Date "2012.05.28"]
[Round "4"]
[White "Keymer, Vincent"]
[Black "Shoipov, Dennie"]
[Result "1/2-1/2"]
[Termination "normal"]
[Board "7"]
[WhiteElo "1721"]
[BlackElo "1447"]
[PlyCount "68"]
[WhiteFideId "12940690"]
[BlackFideId "14137755"]
[EventCountry "GER"]
[EventRounds "11"]
[EventType "swiss"]
[EventDate "2012.05.26"]

1. d4 d5 2. c4 e6 3. Nc3 Nf6 4. cxd5 exd5 5. Bg5 Nbd7 6. e3 Be7 7. Bd3 O-O 8.
Nf3 b6 9. O-O Bb7 10. Qc2 h6 11. Bh4 Rc8 12. Rab1 c5 13. Bf5 Ba6 14. Rfd1 c4
15. Ne5 Rc7 16. Nxd7 Rxd7 17. Bxd7 Qxd7 18. f3 Qe6 19. Bf2 b5 20. a3 Nd7 21. e4
Nb6 22. Re1 Qd6 23. e5 Qc6 24. f4 Bc8 25. f5 g6 26. fxg6 fxg6 27. Be3 Bf5 28.
Qd2 Bxb1 29. Rxb1 g5 30. Qc2 a6 31. Ne2 Kg7 32. Ng3 Qg6 33. Qd1 Kh7 34. Rc1 Rf7
1/2-1/2

[Event "DEM U10 2012"]
[Site "Oberhof GER"]
[Date "2012.05.28"]
[Round "4"]
[White "Merk, Daniel"]
[Black "Tong, Kevin"]
[Result "0-1"]
[Termination "normal"]
[Board "8"]
[WhiteElo "1312"]
[BlackElo "1612"]
[PlyCount "50"]
[WhiteFideId "12938386"]
[BlackFideId "12913944"]
[EventCountry "GER"]
[EventRounds "11"]
[EventType "swiss"]
[EventDate "2012.05.26"]

1. e4 c5 2. c3 g6 3. d4 cxd4 4. cxd4 d5 5. exd5 Nf6 6. Nf3 Nxd5 7. Nc3 Bg7 8.
Bc4 Nb6 9. Bb5+ Bd7 10. Bxd7+ Qxd7 11. O-O O-O 12. Be3 e6 13. Qd2 Nc6 14. b3
Rfd8 15. Rfd1 Nd5 16. Rac1 Rac8 17. Nxd5 Qxd5 18. Rc5 Qd6 19. d5 exd5 20. Rxd5
Qe7 21. Bc5 Qf6 22. Rd6 Rxd6 23. Qxd6 Rd8 24. Qxf6 Rxd1+ 25. Ne1 Rxe1# 0-1

[Event "DEM U10 2012"]
[Site "Oberhof GER"]
[Date "2012.05.28"]
[Round "4"]
[White "Renger, Niklas"]
[Black "Kopylov, Daniel"]
[Result "1-0"]
[Termination "normal"]
[Board "9"]
[WhiteElo "1622"]
[BlackElo "1623"]
[PlyCount "115"]
[WhiteFideId "12908096"]
[BlackFideId "12921971"]
[EventCountry "GER"]
[EventRounds "11"]
[EventType "swiss"]
[EventDate "2012.05.26"]

1. e4 c5 2. Nf3 d6 3. d4 cxd4 4. Nxd4 Nf6 5. Nc3 g6 6. Be3 Bg7 7. f3 Nc6 8. Qd2
O-O 9. Bc4 Nd7 10. O-O-O Nb6 11. Nxc6 Nxc4 12. Nxd8 Nxd2 13. Bxd2 Rxd8 14. g4
Bd7 15. h4 Rac8 16. h5 b5 17. hxg6 hxg6 18. Kb1 Rc4 19. Nd5 e6 20. Ne3 Rc6 21.
Ng2 Rdc8 22. c3 b4 23. c4 Rxc4 24. Ne3 Rd4 25. Bc1 Rxd1 26. Rxd1 Rc6 27. b3 Kf8
28. Nc4 Ke7 29. Bf4 e5 30. Bd2 Be6 31. Bxb4 Bxc4 32. bxc4 Rb6 33. a3 a5 34. Kc2
axb4 35. Rb1 b3+ 36. Rxb3 Rxb3 37. Kxb3 Kd7 38. Kb4 Kc6 39. a4 Kb6 40. a5+ Ka6
41. c5 Bf8 42. cxd6 Bxd6+ 43. Kc4 Kxa5 44. Kd5 Bb8 45. Kc6 Kb4 46. Kd7 Kc3 47.
Ke7 Kd3 48. Kxf7 Ke3 49. Kxg6 Kxf3 50. Kf5 Kg3 51. g5 Bd6 52. g6 Bf8 53. Kxe5
Kg4 54. Kf6 Kf4 55. e5 Ke4 56. e6 Bd6 57. e7 Bxe7+ 58. Kxe7 1-0

[Event "DEM U10 2012"]
[Site "Oberhof GER"]
[Date "2012.05.28"]
[Round "4"]
[White "Hofele, Mathis"]
[Black "ter Stal, Sven"]
[Result "0-1"]
[Termination "normal"]
[Board "10"]
[WhiteElo "1273"]
[BlackElo "1498"]
[PlyCount "24"]
[WhiteFideId "12963844"]
[BlackFideId "12946443"]
[EventCountry "GER"]
[EventRounds "11"]
[EventType "swiss"]
[EventDate "2012.05.26"]

1. e4 c5 2. Nf3 d6 3. d4 cxd4 4. Nxd4 Nf6 5. Nc3 g6 6. Bc4 Bg7 7. Be3 O-O 8.
Qd2 Ng4 9. Bg5 h6 10. h3 Ne5 11. Bh4 Nxc4 12. Qc1 Bxd4 0-1

[Event "DEM U10 2012"]
[Site "Oberhof GER"]
[Date "2012.05.28"]
[Round "4"]
[White "Schilay, Lorenz"]
[Black "Heckmann, Till"]
[Result "1-0"]
[Termination "normal"]
[Board "11"]
[WhiteElo "1494"]
[BlackElo "1282"]
[PlyCount "143"]
[WhiteFideId "12930180"]
[BlackFideId "12987093"]
[EventCountry "GER"]
[EventRounds "11"]
[EventType "swiss"]
[EventDate "2012.05.26"]

1. e4 e6 2. Nf3 d5 3. Nc3 Be7 4. d4 dxe4 5. Nxe4 Bd7 6. Be3 Bc6 7. Nc3 Nf6 8.
Bc4 O-O 9. O-O Nd5 10. Nxd5 Bxd5 11. Bxd5 Qxd5 12. Qe2 Nd7 13. c4 Qh5 14. Rfe1
Rad8 15. Rad1 Nf6 16. Rd3 Qa5 17. a3 c6 18. b4 Qc7 19. Qc2 Ng4 20. Red1 Nxe3
21. fxe3 f5 22. Qb3 f4 23. e4 Bf6 24. e5 Be7 25. Nd2 Bh4 26. Ne4 Rf5 27. Nd6
Rh5 28. c5 Qe7 29. Rf1 Rf8 30. Rdf3 Bg5 31. a4 a6 32. b5 a5 33. bxc6 bxc6 34.
Qb6 Qd7 35. Qxa5 Rb8 36. Rd1 h6 37. Rff1 Rb2 38. Rb1 Rxb1 39. Rxb1 f3 40. Rb7
Be3+ 41. Kh1 Qxb7 42. Nxb7 f2 43. Qa8+ Kh7 44. Qa6 Rf5 45. Qf1 Bxd4 46. g3 Bxe5
47. Kg2 Kg8 48. a5 Rf8 49. a6 Bb8 50. Na5 Ba7 51. Nb3 e5 52. Qc4+ Kh8 53. Kf1
Bb8 54. Qa4 e4 55. Qxe4 Ba7 56. Qxc6 Rf6 57. Qa8+ Kh7 58. Qxa7 Kg6 59. Nc1 Rf3
60. Qb7 Rc3 61. Nd3 Ra3 62. Kxf2 Ra2+ 63. Nb2 Kh7 64. a7 Kg6 65. a8=Q Rxa8 66.
Qxa8 Kh7 67. Qe4+ Kg8 68. Qg6 Kf8 69. c6 Ke7 70. Ke3 Kd8 71. Qxg7 Ke8 72. c7
1-0

[Event "DEM U10 2012"]
[Site "Oberhof GER"]
[Date "2012.05.28"]
[Round "4"]
[White "Graf, Justus Felix"]
[Black "Fesselier, Chelsea"]
[Result "1-0"]
[Termination "normal"]
[Board "12"]
[WhiteElo "1507"]
[BlackElo "1228"]
[PlyCount "147"]
[WhiteFideId "12929212"]
[BlackFideId "26024624"]
[EventCountry "GER"]
[EventRounds "11"]
[EventType "swiss"]
[EventDate "2012.05.26"]

1. e4 c5 2. Nf3 e6 3. Nc3 d5 4. Bb5+ Nc6 5. Ne5 Qd6 6. Nf3 Bd7 7. O-O Be7 8.
Re1 a6 9. Bxc6 Bxc6 10. e5 Qc7 11. Ne2 Nh6 12. Ng3 O-O 13. c3 f5 14. exf6 Rxf6
15. d4 Bd6 16. Qd3 c4 17. Qc2 Bxg3 18. hxg3 Re8 19. Bf4 Qc8 20. Ne5 Rff8 21.
Qd2 Nf7 22. Nxf7 Rxf7 23. Re3 Qd7 24. Rae1 h6 25. Qe2 Rfe7 26. g4 Rf7 27. Bg3
Rfe7 28. Bh4 g5 29. Bg3 Kh7 30. Be5 Rf7 31. Rh3 Rg8 32. Kh2 Qc8 33. Rh1 Re8 34.
Qc2+ Kg8 35. Qg6+ Kf8 36. Bd6+ Ree7 37. Bxe7+ Kxe7 38. Kg1 Qf8 39. Qxh6 Rg7 40.
Rf3 Qg8 41. Qf6+ Kd6 42. Re3 Re7 43. Rh8 Qg7 44. Qxg7 Rxg7 45. Kh2 Bd7 46. Re5
Kc6 47. Rh5 Rf7 48. Kg3 Re7 49. Rhxg5 Rh7 50. Rh5 Rg7 51. g5 Kb5 52. Rh6 Re7
53. g6 Rg7 54. Rg5 Be8 55. Rh7 Rxg6 56. Rxg6 Bxg6 57. Rxb7+ Ka5 58. Kf4 Be8 59.
g4 Bc6 60. Re7 Be8 61. Rxe8 Ka4 62. Rb8 e5+ 63. dxe5 d4 64. Rb4+ Ka5 65. Rxc4
d3 66. e6 d2 67. Rd4 d1=Q 68. Rxd1 Ka4 69. e7 Ka5 70. b4+ Ka4 71. e8=Q+ Ka3 72.
Qf7 Ka4 73. Rd5 a5 74. Rxa5# 1-0

[Event "DEM U10 2012"]
[Site "Oberhof GER"]
[Date "2012.05.28"]
[Round "4"]
[White "Schütze, Tim"]
[Black "Niemann, Alexander"]
[Result "0-1"]
[Termination "normal"]
[Board "13"]
[WhiteElo "1231"]
[BlackElo "1403"]
[PlyCount "76"]
[WhiteFideId "12939706"]
[BlackFideId "12939862"]
[EventCountry "GER"]
[EventRounds "11"]
[EventType "swiss"]
[EventDate "2012.05.26"]

1. e4 c5 2. Nf3 d6 3. d4 cxd4 4. Nxd4 Nf6 5. Nc3 g6 6. Be3 Bg7 7. f3 O-O 8. Bc4
Nc6 9. Bb3 Bd7 10. O-O Rc8 11. Nxc6 bxc6 12. Qe2 c5 13. Rad1 Qc7 14. Qd2 Rfd8
15. Bh6 Qb6 16. Bxg7 Kxg7 17. Nd5 Nxd5 18. Qxd5 Be6 19. Qd2 c4+ 20. Rf2 cxb3
21. cxb3 Rc5 22. b4 Rc4 23. a3 Rdc8 24. Kh1 Rc2 25. Qxc2 Rxc2 26. Rxc2 Bb3 27.
Rcd2 Bxd1 28. Rxd1 Qf2 29. h3 Qxb2 30. Rd3 Qb1+ 31. Kh2 Qxd3 32. a4 Kf6 33. b5
Kg5 34. a5 Qxb5 35. Kh1 Kh4 36. Kh2 Qe5+ 37. Kh1 Kg3 38. a6 Qa1# 0-1

[Event "DEM U10 2012"]
[Site "Oberhof GER"]
[Date "2012.05.28"]
[Round "4"]
[White "Dobrikov, Marco"]
[Black "Shen, Julian"]
[Result "1/2-1/2"]
[Termination "normal"]
[Board "15"]
[WhiteElo "1217"]
[BlackElo "1383"]
[PlyCount "88"]
[WhiteFideId "12950378"]
[BlackFideId "12942898"]
[EventCountry "GER"]
[EventRounds "11"]
[EventType "swiss"]
[EventDate "2012.05.26"]

1. e4 d5 2. exd5 Qxd5 3. Nc3 Qa5 4. d4 Nf6 5. Nf3 c6 6. Bd3 Bg4 7. h3 Bh5 8.
O-O e6 9. Re1 Be7 10. Bf4 Nbd7 11. Ne4 Nxe4 12. Bxe4 Nf6 13. Qd3 Nxe4 14. Qxe4
Bg6 15. Qe5 Qxe5 16. Bxe5 O-O 17. c4 Bb4 18. Re3 b6 19. a3 Be7 20. d5 cxd5 21.
cxd5 Bc5 22. Ree1 f6 23. b4 fxe5 24. bxc5 e4 25. Ne5 exd5 26. cxb6 axb6 27. Nd7
Rfd8 28. Nxb6 Ra6 29. Reb1 e3 30. Rb4 exf2+ 31. Kxf2 Kf7 32. a4 Be4 33. Rd1 Rd6
34. Rxe4 Raxb6 35. Red4 Ra6 36. Ke3 Ke6 37. Kd3 Ra5 38. Kc3 Rb6 39. Rb4 Rc5+
40. Kb3 Rxb4+ 41. Kxb4 Kd6 42. Rf1 Rc7 43. a5 Rb7+ 44. Ka4 Rb2 1/2-1/2

[Event "DEM U10 2012"]
[Site "Oberhof GER"]
[Date "2012.05.28"]
[Round "4"]
[White "Baltic, Fatih"]
[Black "Pfreundt, Mathis"]
[Result "0-1"]
[Termination "normal"]
[Board "16"]
[WhiteElo "1379"]
[BlackElo "1035"]
[PlyCount "36"]
[WhiteFideId "12979090"]
[BlackFideId "12967092"]
[EventCountry "GER"]
[EventRounds "11"]
[EventType "swiss"]
[EventDate "2012.05.26"]

1. e4 c5 2. Nf3 Nc6 3. Bb5 g6 4. O-O Bg7 5. h3 a6 6. Bxc6 bxc6 7. d3 Rb8 8. Nc3
Nf6 9. Rb1 Nh5 10. e5 Qc7 11. g4 Bxe5 12. Nxe5 Qxe5 13. gxh5 d5 14. Qf3 Rg8 15.
Bf4 gxh5+ 16. Kh2 Qf5 17. Rfe1 Rb4 18. Qe3 Qxf4+ 0-1

[Event "DEM U10 2012"]
[Site "Oberhof GER"]
[Date "2012.05.28"]
[Round "4"]
[White "Faal, Marcel"]
[Black "Rosenhain, Rachela"]
[Result "0-1"]
[Termination "normal"]
[Board "18"]
[WhiteElo "1169"]
[BlackElo "1368"]
[PlyCount "154"]
[WhiteFideId "1271978"]
[BlackFideId "12957615"]
[EventCountry "GER"]
[EventRounds "11"]
[EventType "swiss"]
[EventDate "2012.05.26"]

1. e4 c5 2. Nf3 e6 3. Nc3 d5 4. exd5 exd5 5. d4 Nf6 6. Bf4 Nc6 7. Bb5 Be7 8.
O-O O-O 9. Bxc6 bxc6 10. Ne5 Bd7 11. Bg5 cxd4 12. Qxd4 c5 13. Qd1 d4 14. Nxd7
Qxd7 15. Bxf6 Bxf6 16. Ne4 Be7 17. c3 Qc6 18. Qf3 dxc3 19. Nxc3 Qxf3 20. gxf3
Rfd8 21. Rad1 Rab8 22. b3 Bf6 23. Ne4 Bd4 24. Rfe1 Rd5 25. Nxc5 Rg5+ 26. Kf1
Bxc5 27. Re4 h6 28. Rc4 Bb6 29. Rdc1 Re8 30. a4 Rge5 31. R4c2 Ba5 32. Rc8 Rxc8
33. Rxc8+ Kh7 34. Ra8 Bb6 35. Rc8 Rc5 36. Re8 Rc2 37. Re2 Rxe2 38. Kxe2 Ba5 39.
f4 Kg6 40. Kd3 Kf5 41. Kc4 Be1 42. b4 a5 43. b5 Bxf2 44. Kd5 Kxf4 45. Kc6 Ke5
46. b6 Bxb6 47. Kxb6 f5 48. Kxa5 f4 49. Kb6 f3 50. a5 f2 51. a6 f1=Q 52. a7
Qb1+ 53. Kc7 Qe4 54. Kb8 Qb4+ 55. Kc8 Qc5+ 56. Kb8 Qxa7+ 57. Kxa7 g5 58. Kb6 h5
59. Kc5 Kf4 60. Kd4 g4 61. Kd3 g3 62. hxg3+ Kxg3 63. Ke2 Kg2 64. Ke3 h4 65. Kd4
h3 66. Kd5 h2 67. Kd6 h1=Q 68. Ke6 Qh5 69. Kd6 Qb5 70. Ke6 Qc5 71. Kf6 Qd5 72.
Ke7 Qc6 73. Kf7 Qd6 74. Kg7 Qe6 75. Kf8 Qd7 76. Kg8 Qe7 77. Kh8 Kg3 0-1

[Event "DEM U10 2012"]
[Site "Oberhof GER"]
[Date "2012.05.28"]
[Round "4"]
[White "Stirnberg, Noah"]
[Black "Roseneck, Jonas"]
[Result "1-0"]
[Termination "normal"]
[Board "19"]
[WhiteElo "1145"]
[BlackElo "1342"]
[PlyCount "107"]
[WhiteFideId "16207742"]
[BlackFideId "12939870"]
[EventCountry "GER"]
[EventRounds "11"]
[EventType "swiss"]
[EventDate "2012.05.26"]

1. d4 Nf6 2. Nf3 g6 3. Bf4 Bg7 4. e3 O-O 5. Bd3 d6 6. Nbd2 Nh5 7. Bg3 Nd7 8.
Qe2 c5 9. c3 d5 10. Bc2 c4 11. O-O Nxg3 12. hxg3 e5 13. Nh2 Re8 14. Qd1 e4 15.
b3 b5 16. b4 f5 17. a4 g5 18. axb5 Qf6 19. Ba4 Re7 20. f3 exf3 21. Rxf3 Qg6 22.
Ndf1 Nf6 23. Bc2 Ne4 24. Bxe4 Rxe4 25. Ra5 Bb7 26. Qa4 g4 27. Rf4 Re7 28. Rxa7
Rxa7 29. Qxa7 Bh6 30. Rf2 Qf7 31. Nxg4 Bg7 32. Ngh2 Re8 33. Qa1 Ra8 34. Qb1 Ra3
35. Qb2 Rb3 36. Qc2 Bc8 37. g4 Qb7 38. gxf5 Qxb5 39. f6 Bf8 40. f7+ Kh8 41. Rf3
Qb7 42. Ng3 Be6 43. Nh5 Bxf7 44. Nf6 Bg6 45. Qd2 Be7 46. Qf2 Rxc3 47. Ne4 Bxe4
48. Rf8+ Kg7 49. Qf7+ Kh6 50. Ng4+ Kg5 51. Qf4+ Kh5 52. Qh6+ Kxg4 53. Rf4+ Kg3
54. Qh3# 1-0

[Event "DEM U10 2012"]
[Site "Oberhof GER"]
[Date "2012.05.28"]
[Round "4"]
[White "Mönster, Madita"]
[Black "Preißler, Niklas"]
[Result "1-0"]
[Termination "normal"]
[Board "20"]
[WhiteElo "1025"]
[BlackElo "1393"]
[PlyCount "55"]
[WhiteFideId "12947156"]
[BlackFideId "12927554"]
[EventCountry "GER"]
[EventRounds "11"]
[EventType "swiss"]
[EventDate "2012.05.26"]

1. e4 c5 2. Nf3 d6 3. d4 cxd4 4. Nxd4 Nf6 5. Nc3 a6 6. Bc4 e6 7. Be3 Be7 8. Qe2
Qc7 9. O-O Bd7 10. a4 Nc6 11. Nxc6 Bxc6 12. Bd2 Rc8 13. Bd3 O-O 14. Rfe1 Rfe8
15. Qf3 d5 16. e5 d4 17. Qh3 dxc3 18. exf6 Bxf6 19. Qxh7+ Kf8 20. Bxc3 Bxc3 21.
bxc3 Ke7 22. Qxg7 Rg8 23. Rxe6+ Kxe6 24. Re1+ Be4 25. Rxe4+ Kd5 26. Qd4+ Kc6
27. Re6+ fxe6 28. Be4# 1-0

[Event "DEM U10 2012"]
[Site "Oberhof GER"]
[Date "2012.05.28"]
[Round "4"]
[White "Voß, Henrike"]
[Black "Fischer, Elias"]
[Result "1/2-1/2"]
[Termination "normal"]
[Board "21"]
[WhiteElo "1002"]
[BlackElo "1377"]
[PlyCount "101"]
[WhiteFideId "12971910"]
[BlackFideId "12963305"]
[EventCountry "GER"]
[EventRounds "11"]
[EventType "swiss"]
[EventDate "2012.05.26"]

1. e4 e5 2. Nf3 Nc6 3. Bc4 Bc5 4. b4 Bxb4 5. c3 Bc5 6. d4 exd4 7. cxd4 Bb4+ 8.
Bd2 Bxd2+ 9. Qxd2 d6 10. O-O Nf6 11. Nc3 O-O 12. h3 Qe7 13. Rfe1 Na5 14. Nd5
Nxd5 15. Bxd5 Nc6 16. Bc4 Bd7 17. e5 Rad8 18. Re2 Be6 19. d5 dxe5 20. Nxe5 Nxe5
21. Rxe5 Qf6 22. Qg5 Qxg5 23. Rxg5 Bd7 24. Rd1 Bc6 25. Rd3 h6 26. Re5 Bd7 27.
d6 cxd6 28. Rxd6 Bc6 29. Rxd8 Rxd8 30. Re7 Rf8 31. Kf1 g5 32. g3 Kg7 33. f4
gxf4 34. gxf4 Kg6 35. Kf2 f5 36. Kg3 b5 37. Bb3 a5 38. Rc7 Be4 39. a4 b4 40.
Ra7 Ra8 41. Rxa8 Bxa8 42. Kh4 Bc6 43. Kg3 Kf6 44. Kh4 Ke7 45. Kh5 Bg2 46. h4
Kf6 47. Kxh6 Be4 48. Kh7 Bf3 49. Kh6 Bg4 50. h5 Be2 51. Bc2 1/2-1/2

[Event "DEM U10 2012"]
[Site "Oberhof GER"]
[Date "2012.05.28"]
[Round "4"]
[White "Roth, Jakob"]
[Black "Santos, Leonardo"]
[Result "1-0"]
[Termination "normal"]
[Board "22"]
[WhiteElo "1367"]
[BlackElo "1189"]
[PlyCount "67"]
[WhiteFideId "12952605"]
[BlackFideId "12965049"]
[EventCountry "GER"]
[EventRounds "11"]
[EventType "swiss"]
[EventDate "2012.05.26"]

1. d4 Nf6 2. c4 g6 3. Nc3 d5 4. cxd5 Nxd5 5. e4 Nxc3 6. bxc3 Bg7 7. Nf3 c5 8.
Be3 Nc6 9. Bb5 Bg4 10. e5 a6 11. Be2 O-O 12. O-O Qc7 13. h3 Bf5 14. Qd2 Rad8
15. Rfd1 h5 16. Bh6 Rfe8 17. Bxg7 Kxg7 18. Bd3 Bxd3 19. Qxd3 Rd7 20. Qe4 e6 21.
Qf4 Ne7 22. Qf6+ Kg8 23. Ng5 Nd5 24. Qf3 Red8 25. Ne4 cxd4 26. cxd4 Qb6 27. Nd6
f5 28. Qg3 Kg7 29. Rab1 Qa5 30. Nxb7 Qxa2 31. Nxd8 Rxd8 32. Rb7+ Kh6 33. h4 Rc8
34. Qg5# 1-0

[Event "DEM U10 2012"]
[Site "Oberhof GER"]
[Date "2012.05.28"]
[Round "4"]
[White "Kobald, Jacqueline"]
[Black "Liebeck, Eddie"]
[Result "0-1"]
[Termination "normal"]
[Board "23"]
[WhiteElo "926"]
[BlackElo "1273"]
[PlyCount "130"]
[WhiteFideId "12988162"]
[BlackFideId "12945854"]
[EventCountry "GER"]
[EventRounds "11"]
[EventType "swiss"]
[EventDate "2012.05.26"]

1. e4 e5 2. Nf3 Nc6 3. Bc4 Bc5 4. c3 d6 5. d4 exd4 6. cxd4 Bb6 7. Nc3 Bg4 8.
Be3 Qd7 9. Qe2 O-O-O 10. O-O-O Nf6 11. h3 Bh5 12. g4 Bg6 13. Nh4 Nxe4 14. Nxg6
Nxc3 15. bxc3 hxg6 16. Bb5 Qe7 17. Qb2 a6 18. Ba4 Na5 19. Qb4 Nc6 20. Qc4 d5
21. Qb3 Na5 22. Qb2 Nc4 23. Qb4 Qxb4 24. cxb4 Nxe3 25. fxe3 c6 26. Rdf1 f6 27.
Bc2 g5 28. Kd2 a5 29. a3 axb4 30. axb4 Kc7 31. Ba4 Ra8 32. Bb3 Ra3 33. Rb1 Re8
34. Rhc1 Kd7 35. Re1 Kd6 36. Bc2 Rh8 37. Rh1 Bc7 38. Bd3 Re8 39. Rhe1 Re7 40.
Re2 Bb6 41. Bf5 Bxd4 42. exd4 Ra2+ 43. Bc2 Rxc2+ 44. Kxc2 Rxe2+ 45. Kd1 Rh2 46.
Rb3 Rf2 47. Ke1 Rc2 48. Kd1 Rc4 49. Ke2 Rxd4 50. Ke3 Ke5 51. Rb2 Rc4 52. Kd3
Kf4 53. Rb3 Re4 54. Kd2 b5 55. Kc2 Re3 56. Rxe3 Kxe3 57. Kc3 d4+ 58. Kc2 Ke2
59. Kc1 d3 60. Kb2 d2 61. Kc3 d1=Q 62. h4 Qd3+ 63. Kb2 Kd2 64. Ka2 Kc2 65. Ka1
Qa3# 0-1

[Event "DEM U10 2012"]
[Site "Oberhof GER"]
[Date "2012.05.28"]
[Round "4"]
[White "Schumacher, Simon"]
[Black "Staufenberger, Philipp"]
[Result "0-1"]
[Termination "normal"]
[Board "24"]
[WhiteElo "968"]
[BlackElo "1234"]
[PlyCount "54"]
[BlackFideId "12970883"]
[EventCountry "GER"]
[EventRounds "11"]
[EventType "swiss"]
[EventDate "2012.05.26"]

1. e4 e6 2. d4 d5 3. Nc3 Bb4 4. Qg4 Ne7 5. Qxg7 Rg8 6. Qxh7 c5 7. Bb5+ Bd7 8.
Bd3 Qc7 9. g3 Bxc3+ 10. bxc3 cxd4 11. cxd4 Qc3+ 12. Ke2 Qxa1 13. Ba3 dxe4 14.
Bxe4 Nbc6 15. Bxc6 Bxc6 16. f3 e5 17. Bxe7 Kxe7 18. Qd3 Qxd4 19. Qxd4 exd4 20.
Kf2 Kd6 21. Ne2 Kc5 22. Rf1 Bb5 23. Rb1 Rge8 24. Re1 Bxe2 25. Rxe2 Rxe2+ 26.
Kxe2 Rh8 27. h4 f5 0-1